000 01132cam a2200325 4500
008 021015n2003 000 0 eng u
020 _a0130995827
035 _a(Sirsi) u120094
041 _aeng.
050 _a526.9
100 _aKavanagh, B.
245 _aSurveying: principles and applications
250 _a6th
260 _aNew Jersey
_bPrentice Hall
_c2003
300 _axii,756p.
_bill.
_c25cm.
350 _a44.99
520 _aAn American text which presents a discussion of surveying principles and applications for mapping and engineering surveys. Part one covers the basics of surveying principles. Part two introduces the latest in imaging techniques, and part three practical approaches for applications in the engineering, hydrographic, and land surveying fields.
650 _aMAPPING
650 _aLAND SURVEYING
650 _aSATELLITE SURVEYING
650 _aGIS
650 _aPHOTOGRAMMETRY
650 _aENGINEERING SURVEYS
650 _aGIS
650 _aREMOTE SENSING
650 _aIMAGING SYSTEMS
650 _aHYDROGRAPHIC SURVEYS
690 _aGeomatics
_96242
942 _n0
999 _c102468
_d102468